| 000 | 00541nam a22001577a 4500 | ||
|---|---|---|---|
| 999 |
_c60990 _d60990 |
||
| 005 | 20231204164553.0 | ||
| 008 | 231204s1986 ru ||||| |||| 00| 0 rus d | ||
| 041 | _arus | ||
| 080 | _a930 Б-88 | ||
| 100 |
_aБродель Ф. _920571 |
||
| 245 |
_aСтруктуры повседневности : _bвозможное и невозможное. Т.1. / _cФ. Бродель. |
||
| 264 |
_aМосква: _bПрогресс, _c1986. |
||
| 300 |
_a632 c.: _bил.; _c25 см. |
||
| 653 | _aისტორია | ||
| 942 |
_2udc _cᲬᲘᲒᲜᲘ |
||